000 03332nam a2200253Ia 4500
003 Ost
005 20260507074938.0
008 260507s9999||||xx |||||||||||||| ||und||
020 _a9957331027
040 _cfsecg
041 _aara
082 _a515.3
100 _aابراهيم، معن عبد المجيد
_eمؤلف
245 0 _aمبادئ المعادلات التفاضلية /
_c معن عبد المجيد ابراهيم
250 _aطبعة 1
260 _aعمان:
_bمؤسسة الوراق للنشر و التوزيع,
_c2007
300 _a494 صفحة؛
_bإيضاحات ؛
_c24 سم
504 _aبيبليوغرافيا ص.491
520 _aهذا الكتاب يمتاز بأسلوبه النظري المُبسَط والمُوجز حيث يتناول أحد عشر فصلاً تغطي مواضيع المُعادلات التفاضليّة، يعرضُ الفصل الأول تعاريف ومفاهيم أساسية ومسائل أوليّة لحل المُعادلة التفاضليّة، ويغطي الفصل الثاني المُعادلات التفاضليّة من المرتبة الأولى، ويتناول طريقة فصل المتغيرات والمُعادلة المتجانسة والمُعادلة التامة، وخُصص الفصل الثالث لدراسة المُعادلات التفاضليّة الخطيّة، والتعرّف على محددة فرونسكيان لمعرفة الإستقلال الخطّي للدوال، فضلاً عن التعرف على المؤثرات التفاضليّة وخواصها. يتناول الفصل الرابع المُعادلات التفاضليّة ذاتُ المُعاملات الثابتة، وقد استخدم عدة طرق لإيجاد الحل العام للمُعادلة المتجانسة وغير المتجانسة، أما الفصل الخامس فقد خُصص لإيجاد الحل الخاص للمُعادلات غير المتجانسة بإستخدام طريقة المُعاملات غير المحددة، الفصل السادس: تناول فيه دراسة طريقتين غير مرتبطتين بأي قيود في حل المُعادلات الخطيّة ذات المُعاملات المتغيرة هما: طريقة إختزال الرتبة وطريقة تغاير البارامترات. والفصل السابع درس تطبيقات للمُعادلات التفاضليّة الخطيّة التي تحتوي على الإهتزازات الميكانيكيّة، الفصل الثامن خُصص لحل المُعادلات التفاضليّة الجزئية من المرتبة الأولى والثانية، وسلطنا الضوء على المُعادلات الزائديّة، المكافئيّة، التناقصيّة، حل ديلمبرت لمُعادلة الموجة، مسائل القيمة الإبتدائية ومسائل القيمة الحَدّية، طريقة فصل المُتغيرات، وقد وظفت الفصول: التاسع والعاشر والحادي عشر لدراسة دوال كَاما، بيسيل، عديد حدود ليجيندر، وتحويل لابلاس، ومُتسلسلة فوريير.
653 _aالتفاضل والتكامل
653 _aرياضيات
653 _aمعادلات تفاضيلة
942 _cكتاب
999 _c41906
_d41906